=LDR 00000nam 2200000 4500 =001 INLIS000000000060307 =005 20220120083644 =035 ##$$a 0010-0122000243 =007 ta =008 220120###########################0#ind## =082 ##$$a R.352.026 =084 ##$$a R.352.026 Ind u =245 ##$$a Undang-Undang RI No.32 Th. 2004 Tentang Pemerintah Daerah dan UURI No. 33 Th.2004 Tentang Perimbangan Keuangan Antara Pemerintah Pusat dan Pemerintah Daerah =300 ##$$a 547 halaman ; $c 21 cm. =650 #4$$a Pemerintah Daerah-Undang-Undang dan Peraturan =264 ##$$a Semarang :$b Duta nusindo,$c 2005 =336 ##$$a teks$2 rdacontent =337 ##$$a lain-lain$2 rdamedia =338 ##$$a lain-lain$2 rdacarrier =990 ##$$a 03300330